| 000 | 00405 a2200145 4500 | ||
|---|---|---|---|
| 003 | Nust | ||
| 005 | 20170207153545.0 | ||
| 040 | _cNust | ||
| 082 | _a621.382 | ||
| 100 | _aSaqib,Muhammad MSEE-12 | ||
| 245 |
_aRemoval of Blobs From Eye Examined Videos and Generating Panorama Images using Video Registration _cMajor Muhammad Saqib MSEE-12 |
||
| 260 |
_bMCS _cMarch,2010 |
||
| 300 | _a68 :p | ||
| 650 | _aMSEE-12 | ||
| 942 | _cTHS | ||
| 999 |
_c188569 _d188569 |
||